00624nam a2200169 i 450000100060000000300090000600500170001500700030003200800410003510000390007624501040011526000450021930000220026485200310028699900170031795201200033470974ES-MaACL20230906171001.0t|040804s1919 sp ||||1| spa d1 aGascón y Marín, José.95586610aDerecho Administrativo Nacional b: resumen ordenado por materias /cpor José Gascón y Marín. aMadrid : b[s.n., c1919] (fC. Bermejo) a287 p. ; c19 cm. aES-MaACLjA-5129 bR.18040 c70974d70974 00104070aATENEOMbATENEOMcSPP1d2008-01-17eSCl0oA-5129p1074321r2023-02-23 00:00:00w2023-02-23yMONOGRAFIA